01910nam a2200169 450000500170000002000180001708200170003508400250005210000220007724500420009925000060014126000450014730000100019250012230020250502900142565000250171520260406114413.0 a9781647268862 a658.7bHID/B 2Colon Classification aHiddleston, Clark aBlockchain and Supply Chain Logistics a1 aNew York:bClanrye International,c2025. a203p. aBlockchain is a decentralized digital ledger technology that records transactions across multiple computers securely. It ensures data integrity through cryptographic hashing, enabling transparent, tamper-proof records without a central authority. Blockchain technology is revolutionizing supply chain logistics by enhancing transparency, efficiency, and security. By creating immutable, decentralized ledgers, blockchain ensures real-time tracking of goods, reducing fraud and errors. Each transaction is recorded on a block, providing a transparent and tamper-proof trail from origin to destination. This improves traceability, essential for industries like food and pharmaceuticals where verifying product authenticity is crucial. Smart contracts automate and enforce agreements, reducing delays and administrative costs. Overall, blockchain fosters a more resilient and responsive supply chain, driving trust and efficiency in global trade. This book aims to shed light on some of the unexplored aspects of blockchain and the recent studies in this field. Such selected concepts that redefine this area have been presented in this book. Those with an interest in supply chain logistics would find this book helpful. aPreface Chapter 1 Overview Chapter 2 Fundamentals of International Logistics Chapter 3 Empirical Research Methodology Chapter 4 The Management model : Development and Four Phases Chapter 5 Future Logistics Networks and Blockchain Chapter 6 Concluding Remarks Appendix Permissions Index aLogistics Management